| 000 | 00358nam a22001337a 4500 | ||
|---|---|---|---|
| 041 | _aENG | ||
| 100 | _aGokhale .M.Y | ||
| 245 | _aA Text Book Of Engineering Mathematics -1 | ||
| 260 |
_aPune _bNirali Prakashan _c2003 |
||
| 300 | _aP-4 | ||
| 650 | _aCompetitlve Exam | ||
| 700 | _aMujumdar.N.S , Kulkarni.S.S , Atal. K.R | ||
| 856 | _uCompetitlve Exam ( 36 ) | ||
| 999 |
_c910 _d910 |
||